| 000 | 00479nam a2200181 i 4500 | ||
|---|---|---|---|
| 001 | bg | ||
| 100 | 1 | _aGRASSHOFF, Heinz | |
| 245 | 0 |
_aEinflusslinien fur Flächengründungen / _cvon Heinz Grasshoff. |
|
| 260 |
_aBerlin : _bWilhelm Ernst & Sohn, _c1978. |
||
| 300 |
_aIX, 299 s. : _brys., tab. ; _c24 cm. |
||
| 020 | _a3433008299 | ||
| 040 | _cBPK | ||
| 041 | _apol | ||
| 080 | _a624.1 | ||
| 920 | _a3-433-00829-9 | ||
| 942 | _cKS | ||
| 008 | s pl f |000 0 pol | ||
| 999 |
_c18339 _d18339 |
||
| 856 |
_uhttp://koha.tu.koszalin.pl/cgi-bin/koha/opac-detail.pl?biblionumber=18339 _yKatalog online BPK |
||